000 00708nam a2200241Ia 4500
003 OSt
005 20220923211634.0
006 a|||||r|||| 00| 0
007 ta
008 220922b |||||||| |||| 00| 0 hin d
024 _a36,206
037 _cTextual
040 _aARTS
_cARTS
_bhin
041 _2hin
_ahin
082 _aQ3:5, 15K1;L3
100 _aगुणभद्र
_9156280
245 0 _aआत्मानुशासनम्
246 _aĀtmānushāsanam
260 _c1973
490 _aश्रपअंतंरं श्रंपदं हतंदजींउंसं; 11
942 _hQ3:5, 15K1;L3
_cTEXL
_2CC
999 _c301889
_d301889